000 00583nam a2200229 a 4500
001 BRCA_7139
005 20190320205727.0
008 110112s1930----u--a######---#000-0#eng-#
041 _aeng
044 _au
050 4 _aRM216
_b.S35 1930
100 1 _aSansum, William David
_d1880-
_917727
245 1 0 _aThe normal diet
_cby W. D. Sansum.
260 _aSt. Louis, Mo.
_bC. V. Mosby
_c1930
300 _a134 p.
_bil.
_c20 cm.
500 _aIncluye índice alfabético
500 _aP28
650 1 4 _aDietas
_915439
650 1 4 _aMenús
_917728
902 _aGFM
942 _2lcc
_cB
999 _c6820
_d6820